Está Cabrón REMIX - Ñejo, Gotay, Anuel AA, Pusho, Yomo, Almighty... - Estadísticas

Estadísticas generales
  • Esta prueba ha sido intentada 38 veces
  • La puntuación promedio es 903 de 1510
Estadísticas de respuestas
Letra % Correcto
A
100%
a
100%
ca
100%
cabrón
100%
D
100%
e
100%
En
100%
en
100%
l
100%
la
100%
La
100%
100%
o
100%
O
100%
que
100%
qué
100%
Que
100%
un
100%
Un
100%
acuerdo
88%
Ah
88%
Ahora
88%
ahora
88%
cuando
88%
Cuando
88%
Cuándo
88%
cuándo
88%
es
88%
Es
88%
está
88%
Está
88%
esta
88%
lo
88%
Lo
88%
Me
88%
me
88%
pa
88%
s
88%
te
88%
una
88%
Una
88%
ve
88%
verda
88%
verdad
88%
y
88%
Y
88%
avión
75%
calle
75%
callejón
75%
de
75%
De
75%
El
75%
el
75%
más
75%
Mi
75%
mi
75%
pantalón
75%
Pantalón
75%
par
75%
Pero
75%
pero
75%
sólo
75%
Solo
75%
75%
75%
televisión
75%
tenía
75%
tenis
75%
vivimo
75%
Yo
75%
yo
75%
canción
63%
como
63%
Como
63%
empecé
63%
escuchan
63%
espejo
63%
las
63%
le
63%
Le
63%
los
63%
Los
63%
mil
63%
miraba
63%
nenas
63%
ni
63%
pegar
63%
radio
63%
se
63%
63%
Se
63%
ser
63%
si
63%
Si
63%
63%
sin
63%
ven
63%
vo
63%
voy
63%
ya
63%
Ya
63%
al
50%
antes
50%
Antes
50%
aunque
50%
Aunque
50%
banca
50%
cara
50%
con
50%
Con
50%
cupones
50%
Dios
50%
do
50%
esto
50%
fotos
50%
ha
50%
hasta
50%
iba
50%
Kobe
50%
Ñengo
50%
No
50%
no
50%
piden
50%
por
50%
Por
50%
preguntaba
50%
salí
50%
siente
50%
siguen
50%
To
50%
to
50%
vivimos
50%
yate
50%
12
38%
Anuel
38%
Arca
38%
artista
38%
baby
38%
Baby
38%
bala
38%
cabrones
38%
cante
38%
carro
38%
cerraban
38%
comprar
38%
compre
38%
coro
38%
da
38%
debajo
38%
del
38%
Digo
38%
educación
38%
encima
38%
era
38%
estaba
38%
este
38%
estos
38%
falta
38%
fucking
38%
Gotay
38%
grabé
38%
Grabé
38%
gracias
38%
Gracias
38%
Gucci
38%
hace
38%
hijo
38%
jodio
38%
Juan
38%
kilo
38%
mall
38%
manera
38%
mansión
38%
maten
38%
melone
38%
millo
38%
millón
38%
mío
38%
mis
38%
moví
38%
mundo
38%
Ñejo
38%
ningún
38%
patrón
38%
pegara
38%
percha
38%
pido
38%
puerta
38%
Pusho
38%
Real
38%
San
38%
sea
38%
será
38%
son
38%
supone
38%
tener
38%
Tengo
38%
tengo
38%
todo
38%
Traficando
38%
ustede
38%
va
38%
vacilo
38%
9
25%
abrir
25%
acá
25%
acaban
25%
acuesta
25%
AK
25%
alias
25%
Almighty
25%
año
25%
Ave
25%
banco
25%
bella
25%
bendición
25%
Blue
25%
brr
25%
Brr
25%
cabrona
25%
chavo
25%
chilling
25%
cierran
25%
cojan
25%
cojone
25%
cosa
25%
creí
25%
Dejándoles
25%
Delta
25%
despeina
25%
despierta
25%
día
25%
diablo
25%
Diablo
25%
dice
25%
dicen
25%
dime
25%
dimos
25%
dinero
25%
diría
25%
disparate
25%
distinto
25%
enfermes
25%
Envidiando
25%
esposa
25%
estén
25%
Favo
25%
flaco
25%
G4
25%
Grabando
25%
guille
25%
hacer
25%
hay
25%
heroína
25%
hice
25%
hijas
25%
Humildemente
25%
Illuminati
25%
Intocable
25%
Intocables
25%
Jet
25%
libre
25%
Life
25%
Louis
25%
mai
25%
maldición
25%
Maldición
25%
mantenerme
25%
María
25%
mera
25%
mucho
25%
mujer
25%
mujere
25%
mujeres
25%
nene
25%
ninguna
25%
Obligando
25%
ojo
25%
orgullo
25%
pai
25%
pal
25%
pendejo
25%
pepe
25%
pinto
25%
poderosa
25%
puse
25%
quién
25%
quiero
25%
quinto
25%
reina
25%
rey
25%
sabe
25%
saber
25%
salgo
25%
siempre
25%
Siempre
25%
siento
25%
soñé
25%
soy
25%
también
25%
tarjeta
25%
tendrán
25%
ti
25%
tienda
25%
tiene
25%
toa
25%
Toa
25%
tranquilo
25%
25%
25%
usamos
25%
Versace
25%
vida
25%
viejo
25%
vine
25%
visto
25%
vive
25%
Viviendo
25%
voz
25%
vuelta
25%
vuelve
25%
Vuitton
25%
19
13%
Ajá
13%
All
13%
añejo
13%
años
13%
aprende
13%
aquella
13%
Arma
13%
as
13%
Ayer
13%
Baja
13%
BM
13%
bote
13%
botellas
13%
botón
13%
brincamos
13%
cabe
13%
caben
13%
caja
13%
casa
13%
Changer
13%
Chapo
13%
corta
13%
cuate
13%
cuatro
13%
cuídame
13%
cumpliría
13%
dar
13%
demonio
13%
desfiles
13%
dímelo
13%
disimulao
13%
entre
13%
escala
13%
eso
13%
estancan
13%
estás
13%
estoy
13%
estrellas
13%
faltan
13%
favorito
13%
flow
13%
FN
13%
gala
13%
Game
13%
Giuseppe
13%
Guzmán
13%
hagan
13%
hoy
13%
Indica
13%
infierno
13%
inspiración
13%
Jaja
13%
Jamby
13%
Krusty
13%
KTM
13%
licor
13%
lío
13%
llevo
13%
mala
13%
Mala
13%
matan
13%
matarte
13%
Mayweather
13%
merezco
13%
mía
13%
millonario
13%
moviendo
13%
muerte
13%
MVP
13%
Nandito
13%
Nelly
13%
Nely
13%
nieve
13%
nombre
13%
nos
13%
Nos
13%
nunca
13%
oración
13%
pala
13%
pendiente
13%
peso
13%
phillies
13%
pichaban
13%
pico
13%
Porque
13%
pote
13%
quejo
13%
queme
13%
querían
13%
refresco
13%
Restaurantes
13%
río
13%
Secreta
13%
Shaqa
13%
solamente
13%
Solamente
13%
Súper
13%
temen
13%
The
13%
ticket
13%
tierra
13%
trabajo
13%
tragos
13%
tus
13%
Uah
13%
vale
13%
vena
13%
Vendiendo
13%
vez
13%
vieja
13%
vivo
13%
Vivo
13%
Yeh
13%
abusar
0%
ajeno
0%
amor
0%
arrancaban
0%
Bayamón
0%
bebé
0%
bien
0%
bigote
0%
Black
0%
blanca
0%
bloque
0%
Bugs
0%
Bunny
0%
caballeábamos
0%
caballo
0%
calentón
0%
callábamos
0%
castillo
0%
causa
0%
chingamo
0%
complejo
0%
conecta
0%
conejos
0%
Construí
0%
conversábamo
0%
corazón
0%
crecemo
0%
Creyendo
0%
Cuántos
0%
cuenta
0%
darles
0%
Decidieron
0%
decir
0%
deje
0%
depositan
0%
Depot
0%
Desde
0%
discordia
0%
dolor
0%
dueños
0%
duermo
0%
Elektrik
0%
entras
0%
escuchó
0%
esperar
0%
establo
0%
Estamos
0%
existido
0%
explote
0%
fácil
0%
Fama
0%
familión
0%
Felpa
0%
Frosties
0%
fuimo
0%
Fumando
0%
grabó
0%
hablando
0%
hablo
0%
hago
0%
haría
0%
hicimo
0%
historia
0%
Home
0%
imaginándome
0%
invertimos
0%
islote
0%
Jajaja
0%
Jordan
0%
lamba
0%
lejos
0%
lingote
0%
lista
0%
llegó
0%
llegué
0%
lunes
0%
maleta
0%
mente
0%
menudo
0%
mientras
0%
misericordia
0%
mismo
0%
monstri
0%
Monté
0%
muchacho
0%
multiplica
0%
nave
0%
nazareno
0%
negocio
0%
noches
0%
odian
0%
Pablo
0%
paré
0%
parecen
0%
partimo
0%
Pascua
0%
pedíamo
0%
pedir
0%
peleen
0%
Pereceo
0%
pista
0%
político
0%
presentó
0%
propio
0%
puedo
0%
pump
0%
revista
0%
rompiendo
0%
Saben
0%
sabes
0%
Señor
0%
sentíamos
0%
socio
0%
soltamos
0%
sonando
0%
Stars
0%
Suero
0%
Sultán
0%
Tantas
0%
teco
0%
Tego
0%
tickets
0%
TV
0%
unirse
0%
vemos
0%
viendo
0%
viernes
0%
visión
0%
voce
0%
No se encontraron pruebas coincidentes
Distribución de puntuación
Porcentaje de gente con cada puntuación
Porcentaje por número respondido
Historial de tus puntuaciones
No has intentado esta prueba.